LEADER 00927cam0-2200325---450- 001 990004635040403321 005 20080423151025.0 010 $a88-420-3223-9 035 $a000463504 035 $aFED01000463504 035 $a(Aleph)000463504FED01 035 $a000463504 100 $a19990604d1988----km-y0itay50------ba 101 0 $aita 102 $aIT 105 $ay-------001yy 200 1 $aTeatro e spettacolo nel primo Novecento$fFranca Angelini 210 $aRoma ; Bari$cLaterza$d1988 215 $a300 p.$d21 cm 225 1 $aBiblioteca universale Laterza$v243 610 0 $aTeatro$aStoria$a1880-1936 676 $a792.0904 700 1$aAngelini,$bFranca$f<1930- >$0154328 801 0$aIT$bUNINA$gRICA$2UNIMARC 901 $aBK 912 $a990004635040403321 952 $a792.0904 ANG 1$bBibl.14967$fFLFBC 959 $aFLFBC 996 $aTeatro e spettacolo nel primo Novecento$964047 997 $aUNINA LEADER 00820nam0-22002771i-450- 001 990007545750403321 005 20061222125055.0 035 $a000754575 035 $aFED01000754575 035 $a(Aleph)000754575FED01 035 $a000754575 100 $a20030814d1935----km-y0itay50------ba 101 0 $aita 102 $aIT 200 1 $a<>bianca Russia$ecenno di storia militare e politica del movimento russo antibolscevico dal 22 ottobre 1917 al 1935$fR. Lange 210 $aFirenze$cR. Bemporad e Figlio$dİ1935 215 $aXI, 168 p.$d23 cm 610 0 $aRussia$aStoria 700 1$aLange,$bR.$0405734 801 0$aIT$bUNINA$gRICA$2UNIMARC 901 $aBK 912 $a990007545750403321 952 $aH-02-039$bI.G. 2889$fILFGE 959 $aILFGE 996 $aBianca Russia$9685993 997 $aUNINA